logo

Bir Sreshtho Munshi Abdur Rouf Library
Jhenaidah Cadet College

The Child's Conception Of number / (Record no. 5485)

MARC details
000 -LEADER
fixed length control field 00625nam a2200241 a 4500
001 - CONTROL NUMBER
JCCL Control Number 5485
003 - CONTROL NUMBER IDENTIFIER
JCCL marc code BD-JhCC
005 - DATE AND TIME OF LATEST TRANSACTION
control field 20171217114209.0
008 - FIXED-LENGTH DATA ELEMENTS--GENERAL INFORMATION
fixed length control field 171217s19411965e |||| || | 001 0 eng d
035 ## - SYSTEM CONTROL NUMBER
system control number (BD-JhCC)5485
040 ## - CATALOGING SOURCE
Original cataloging agency BD-JhCC
Modifying agency BD-JhCC
041 ## - LANGUAGE CODE
Language code of Book eng
082 ## - DEWEY DECIMAL CLASSIFICATION NUMBER
Classification number 155.41323
Author mark and Year PIA 1965
100 ## - MAIN ENTRY--PERSONAL NAME
Personal name Piaget, Jean
245 ## - TITLE STATEMENT
Title The Child's Conception Of number /
Statement of responsibility, etc Jean Piaget,
250 ## - EDITION STATEMENT
Edition statement 3rd ed.
260 ## - PUBLICATION, DISTRIBUTION, ETC. (IMPRINT)
Place of publication, distribution, etc London :
Name of publisher, distributor, etc Routledge & Kegan Paul Ltd,
Date of publication, distribution, etc 1965.
300 ## - PHYSICAL DESCRIPTION
Pagination 248 p. :
Dimensions 22 cm.
504 ## - BIBLIOGRAPHY, ETC. NOTE
Bibliography, etc Includes Index
650 ## - SUBJECT ADDED ENTRY--TOPICAL TERM
Topical term or geographic name as entry element Number Conception Children
942 ## - ADDED ENTRY ELEMENTS (KOHA)
Source of classification or shelving scheme Dewey Decimal Classification
Koha item type Books
Holdings
Source of classification or shelving scheme Damaged status Not for loan Home library Current library Shelving location Total Checkouts Full call number Barcode Date last seen Copy number Koha item type
Dewey Decimal Classification     JCC Rouf Library JCC Rouf Library General Stacks   155.41323 PIA 1965 7403 12/17/2017 C - 1 Books

JCC Library | Contacts | JCC Home

Last Update on 23 September 2017
Copyright @ 2017-2020 JCC Rouf Library
Rouf Library, Jhenidah Cadet College (JCC), Bangladesh